AH International Schools' Libraries

(Khmer) secret chess / (Record no. 48253)

MARC details
000 -LEADER
fixed length control field 00277nam a2200097 4500
020 ## - INTERNATIONAL STANDARD BOOK NUMBER
International Standard Book Number 9789924583042
245 ## - TITLE STATEMENT
Title (Khmer) secret chess /
Statement of responsibility, etc Mong Molina and Reth Sodavan.
260 ## - PUBLICATION, DISTRIBUTION, ETC. (IMPRINT)
Place of publication, distribution, etc Cambodia:
Name of publisher, distributor, etc Love Books - Younger;
Date of publication, distribution, etc 2022.
300 ## - PHYSICAL DESCRIPTION
Extent 310 p.
Dimensions 21 cm.
942 ## - ADDED ENTRY ELEMENTS (KOHA)
Source of classification or shelving scheme
Koha item type YA KHMER FIC BOOKS
Holdings
Withdrawn status Lost status Source of classification or shelving scheme Damaged status Not for loan Collection code Home library Current library Date acquired Total Checkouts Full call number Barcode Date last seen Date checked out Price effective from Koha item type
          Siem Riep Asian Hope Secondary Library Asian Hope Secondary Library 01/29/2025 4 KHMER YA FIC MON 207390 01/29/2026 11/13/2025 01/29/2025 YA KHMER FIC BOOKS

For any Logos Library related questions please contact Miss Art at swongnarasuk@asianhope.org.

For any Asian Hope Library related questions please contact Miss Raza at graza@asianhope.org.

Powered by Koha